| 000 | 00807nam a2200241Ia 4500 | ||
|---|---|---|---|
| 003 | GCL | ||
| 008 | 140319s9999 xx 000 0 ara d | ||
| 040 |
_aGCL / _cGCL |
||
| 082 | 0 | 4 |
_aق _b962.054 _bهـ ر |
| 100 | 1 | _aهدى جمال عبدالناصر | |
| 245 | 1 | 0 |
_aالرؤية البريطانية للحركة الوطنية المصرية 1936 - 1952 / _cهدى جمال عبدالناصر |
| 260 |
_a[S.N] : _bدار المستقبل العربى ، _c1987 |
||
| 300 | _a425 ص | ||
| 490 | _a | ||
| 650 | 0 | 4 | _aالعصر الحديث |
| 650 | 0 | 4 | _aمصر |
| 650 | 0 | 4 | _aتاريخ |
| 650 | 0 | 4 | _aالاحوال السياسية |
| 650 | 0 | 4 | _aالمقاومة الشعبية |
| 650 | 0 | 4 | _aالاحزاب السياسية |
| 650 | 0 | 4 | _aالاحتلال البريطانى |
| 942 |
_2ddc _cBK |
||
| 999 |
_c52761 _d52761 |
||